Statistics for 2015/16 Top Goalscorers

Click here to take the quiz!

General Stats

  • This quiz has been taken 22 times
  • The average score is 24 of 35

Answer Stats

ClubNationalityPositionNo. of Goals ScoredAnswer% Correct
Tottenham HotspurEnglandST25Harry Kane
100%
Leicester CityEnglandST24Jamie Vardy
95%
Leicester CityAlgeriaRW17Riyad Mahrez
95%
Manchester CityArgentinaST24Sergio Agüero
95%
Tottenham HotspurEnglandCAM10Dele Alli
84%
Manchester CityBelgiumCAM7Kevin De Bruyne
84%
EvertonBelgiumST18Romelu Lukaku
84%
SouthamptonSenegalLW11Sadio Mané
84%
ArsenalChileST13Alexis Sánchez
79%
Manchester UnitedFranceST11Anthony Martial
79%
ChelseaSpainST12Diego Costa
79%
West Ham UnitedJamaicaST8Michail Antonio
79%
ArsenalFranceST16Olivier Giroud
79%
LiverpoolBrazilCF10Roberto Firmino
79%
West Ham UnitedFranceCAM9Dimitri Payet
74%
Stoke CityAustriaST11Marko Arnautovic
68%
LiverpoolBelgiumST9Christian Benteke
63%
SunderlandEnglandST15Jermain Defoe
63%
Manchester CityNigeriaST8Kelechi Iheanacho
63%
West Ham UnitedEnglandCM7Mark Noble
63%
ChelseaSpainRW7Pedro
63%
LiverpoolBrazilLW8Philippe Coutinho
63%
West Bromwich AlbionVenezuelaST9Salómon Rondón
63%
Manchester UnitedEnglandST8Wayne Rooney
63%
Newcastle UnitedSerbiaST9Aleksandar Mitrovic
58%
SouthamptonSerbiaLW8Dusan Tadic
58%
SouthamptonItalyST11Graziano Pellè
58%
WatfordEnglandST13Troy Deeney
58%
Swansea CityGhanaLW12André Ayew
53%
LiverpoolEnglandST8Daniel Sturridge
53%
WatfordNigeriaST16Odion Ighalo
53%
Newcastle UnitedNetherlandsCM11Geogrinio Wijnaldum
42%
SouthamptonIrelandST10Shane Long
42%
West Ham UnitedEnglandST9Andy Carroll
37%
EvertonEnglandCAM8Ross Barkley
32%

Score Distribution

Percentile by Number Answered

Percent of People with Each Score

Your Score History

You have not taken this quiz